LIBRARY ONLINE CATALOGUE

Nave's topical Bible / (Record no. 14845)

MARC details
000 -LEADER
fixed length control field 00701nam a22002292 4500
001 - CONTROL NUMBER
control field 0000000678
005 - DATE AND TIME OF LATEST TRANSACTION
control field 20151217161127.0
008 - FIXED-LENGTH DATA ELEMENTS--GENERAL INFORMATION
fixed length control field 070215s xx 000 0 eng d
020 ## - INTERNATIONAL STANDARD BOOK NUMBER
International Standard Book Number 0310337100 :
Terms of availability KES 2,450
040 ## - CATALOGING SOURCE
Original cataloging agency KABU
Transcribing agency KABU
050 #0 - LIBRARY OF CONGRESS CALL NUMBER
Classification number BS432
Item number .N3 1969
100 1# - MAIN ENTRY--PERSONAL NAME
Personal name Nave, Orville James.
-- 0000148970
245 10 - TITLE STATEMENT
Title Nave's topical Bible /
Statement of responsibility, etc. Orville J. Nave.
250 ## - EDITION STATEMENT
Edition statement revised and enlarged.
260 ## - PUBLICATION, DISTRIBUTION, ETC. (IMPRINT)
Place of publication, distribution, etc. Grand Rapids, MI :
Name of publisher, distributor, etc. Zondervan,
Date of publication, distribution, etc. c1969.
300 ## - PHYSICAL DESCRIPTION
Extent 1114 p.
650 #0 - SUBJECT ADDED ENTRY--TOPICAL TERM
Topical term or geographic name as entry element Bible
Form subdivision Indexes.
-- 0000148969
908 ## - PUT COMMAND PARAMETER (RLIN)
Put command parameter 070215
950 ## - LOCAL HOLDINGS (RLIN)
-- 1
Holdings
Withdrawn status Lost status Source of classification or shelving scheme Not for loan Home library Current library Date acquired Total Checkouts Full call number Barcode Date last seen Price effective from Koha item type
    Library of Congress Classification Not For Loan Kabarak, Main Campus Kabarak, Main Campus 17/12/2015   BS432 .N3 1969 004089 17/12/2015 17/12/2015 Reference
    Library of Congress Classification Not For Loan Kabarak, Main Campus Kabarak, Main Campus 17/12/2015   BS432 .N3 1969 004090 17/12/2015 17/12/2015 Reference